Central Library OPAC University of Rajshahi

The prophetic writings of William Blake / (Record no. 20522)

MARC details
000 -LEADER
fixed length control field 00892cam a2200241 a 4500
001 - CONTROL NUMBER
control field 20522
003 - CONTROL NUMBER IDENTIFIER
rucl marc code BD-RjUL
005 - DATE AND TIME OF LATEST TRANSACTION
control field 20211209000557.0
008 - FIXED-LENGTH DATA ELEMENTS--GENERAL INFORMATION
fixed length control field 140301s1926 enka 000 1 eng d
035 ## - SYSTEM CONTROL NUMBER
System control number (BD-RjUL)20584
System control number 256561
040 ## - CATALOGING SOURCE
Original cataloging agency ABN:1
Language of cataloging eng
Transcribing agency ABN:1
Modifying agency BD-RjUL
041 ## - LANGUAGE CODE
Language code of text/sound track or separate title eng
082 04 - DEWEY DECIMAL CLASSIFICATION NUMBER
Classification number 821.7
Edition number 19
Author mark and year BLP V-1 1926
100 1# - MAIN ENTRY--PERSONAL NAME
Personal name Blake, William,
Dates associated with a name 1757-1827.
9 (RLIN) 63308
245 14 - TITLE STATEMENT
Title The prophetic writings of William Blake /
Statement of responsibility, etc. edited with a general introduction, glossarial index of symbols, commentary and appendices by D.J. Sloss and J.P.R. Wallis.
Number of part/section of a work volume I
260 ## - PUBLICATION, DISTRIBUTION, ETC. (IMPRINT)
Place of publication, distribution, etc. Oxford :
Name of publisher, distributor, etc. Clarendon Press,
Date of publication, distribution, etc. 1926.
300 ## - PHYSICAL DESCRIPTION
Pagination xvi, 649 p. :
Illustrations ill. ;
Size 23 cm.
600 #0 - SUBJECT ADDED ENTRY--PERSONAL NAME
Personal name Blake, William,
Dates associated with a name 1757-1827
General subdivision Religion.
700 1# - ADDED ENTRY--PERSONAL NAME
Personal name Wallis, J. P. R.
Fuller form of name (John Peter Richard),
Dates associated with a name 1880-1957.
Personal name Sloss, D. J.
Fuller form of name (Duncan John),
Dates associated with a name 1881-
942 ## - ADDED ENTRY ELEMENTS (KOHA)
Source of classification or shelving scheme Dewey Decimal Classification
Koha item type Books
Holdings
Lost status Source of classification or shelving scheme Damaged status Not for loan Collection code Permanent Location Current Location Shelving location Date acquired Source of acquisition Cost, normal purchase price Total Checkouts Full call number Date last seen Copy number Koha item type
  Dewey Decimal Classification   Added to bundle Fiction Central Library, University of Rajshahi Central Library, University of Rajshahi Reading Room 19/02/1955 Court It. St. 17.11   821.7 BLP V-1 1926 01/03/2014 C-1 Books
  Dewey Decimal Classification   Not For Loan Non-fiction Central Library, University of Rajshahi Central Library, University of Rajshahi Reading Room 08/03/2020       821.7 BLP V-2 1926 08/03/2020 C-1 Books